000 00296nam a2200109Ia 4500
008 220204s9999 xx 000 0 und d
082 _a301.17
_bRAD
100 _aRadclife-Brown
245 0 _aStructure and function in primitive society
260 _aLondon
_bRoutledge and Kegan
_c1976
942 _cBK
999 _c29603
_d29603